000 00644nam a2200193Ia 4500
005 20250508162306.0
008 008 250505s9999 xx 000 0 eng d
037 _aTextual
040 _aFEDL
_beng
_cFEDL
041 _aeng
_2eng
084 _a370.7, UNE
_qFEDL
245 0 _aContinuing education for teacher educators : Advanced level workshops
260 _aBangkok, Thailand
_bUNESCO Regional Office for Education in Asia and the Pacific
_c1976
300 _a89p.
546 _aReport of a task force meeting (Tokyo, 13-25 March 1976)
650 _aEducation
942 _cTEXL
_h370.7, UNE
999 _c1375633
_d1375633